000 01186nam a2200373 a 4500
001 63227
003 BD-RjUL
005 20211209081154.0
008 170129r19701900mau 001 0beng d
035 _a(BD-RjUL)63356
035 _a(OCoLC)17537885
035 _a(OCoLC)00396841
040 _aDLC
_cLNW
_dXTA
_dBD-RjUL
_beng
041 _aeng
082 _a923.273
_bSTC 1970
090 _aE415.9.S9
_bS76x 1900
092 _bSUM
100 1 _aStorey, Moorfield,
_d1845-1929.
_9188185
245 1 0 _aCharles Sumner /
_cby Moorfield Storey.
260 _aBoston :
_bHoughton, Mifflin,
_cc1900 [Reissued 1970]
300 _a[vi], 466 p. ;
_c19 cm.
490 1 _aAmerican statesmen ;
_v[vol. 30]
500 _aSeries title also at head of t.-p.
500 _aIncludes index.
600 1 0 _aSumner, Charles,
_d1811-1874.
_9188194
610 1 0 _aUnited States.
_bCongress.
_bSenate
_9188195
650 0 _aLegislators
_zUnited States
_vBiography.
_9188188
651 0 _aUnited States
_xPolitics and government
_y1849-1877.
_9188189
830 0 _aAmerican statesmen ;
_vv. 30.
_9188196
942 _2ddc
_cBK
946 _at
949 _ac
_p39080021962250
999 _c63227
_d63227